000 00208 a2200097 4500
020 _a9780822577850
041 _aspa
100 _aPatrick, Jean l.s.
245 _aLa niਠque poncho a babe ruth
942 _cBK
999 _c12819
_d12819